000 00705nmc a2200265 a 4500
003 AR-BaBNM
005 20251128204604.0
008 067019s1991 ||||||||||||||000 | spa||
020 _a950-558-011-8
040 _cAR-BaBNM
100 1 _aBird, Poldy
245 1 0 _aEl país de la infancia
_bpara chicos de 8 a 13 años
260 _aBuenos Aires
_bEdiciones Orión
_c1991
300 _a160 p.
_bil.
490 0 _aTobogán
_vv. 1
650 4 _aLITERATURA ARGENTINA
650 4 _aLIBROS PARA NINOS
650 4 _aLITERATURA INFANTIL
650 4 _aCUENTOS DE AVENTURAS
650 4 _aHISTORIAS DE AMOR
655 _aLITERATURA
800 1 _aBird, Poldy
_edirector
942 _cBK
998 _cMARTIN
999 _c8048
_d8048